000 00615nam a2200229Ia 4500
003 OSt
005 20221007080748.0
006 a|||||r|||| 00| 0
007 ta
008 221006b |||||||| |||| 00| 0 eng d
024 _a15,100
037 _cTextual
040 _aFLL
_cFLL
_beng
041 _2eng
_aeng
082 _aX:93.1.N7, M1
100 _aStarr Gerald Au.
_9695434
245 0 _aMinimum wage fixing
260 _aNew York
_bCambridge University press U.S.A.
_c1981
300 _axi,203p
_ccm.
942 _hX:93.1.N7, M1
_cTEXL
_2CC
999 _c1160810
_d1160810